LEADER 01187nam--2200349---450- 001 990003416950203316 005 20100623121621.0 010 $a978-88-495-1650-0 035 $a000341695 035 $aUSA01000341695 035 $a(ALEPH)000341695USA01 035 $a000341695 100 $a20100623d2008----km-y0itay50------ba 101 $aita 102 $aIT 105 $a||||||||001yy 200 1 $aInnovazione dei processi d'impresa$easpetti organizzativi e tecnologie abilitanti 210 $aNapoli$cEdizioni Scientifiche Italiane$d2008 215 $a295 p.$d24 cm 225 2 $aCollana interdipartimentale di studi economici$fUniversità degli Studi di Foggia$v26 410 0$12001$aCollana interdipartimentale di studi economici$fUniversità degli Studi di Foggia$v26 606 0 $aAziende$xInnovazione tecnologica$2BNCF 676 $a338.4567 700 1$aCALABRESE,$bGiuseppe$0124199 801 0$aIT$bsalbc$gISBD 912 $a990003416950203316 951 $a338.456 CAL 1$b17782 E.C.$c338.456$d00259697 959 $aBK 969 $aECO 979 $aIANNONE$b90$c20100623$lUSA01$h1216 996 $aInnovazione dei processi d'impresa$91125173 997 $aUNISA LEADER 00932nam0-2200325---450 001 990008187850403321 005 20190724091001.0 010 $a0-444-51478-3 035 $a000818785 035 $aFED01000818785 035 $a(Aleph)000818785FED01 035 $a000818785 100 $a20050916d2003----km-y0itay50------ba 101 0 $aeng 102 $aNL 105 $a--------001y- 200 1 $aIce age southern Andes$ea chronicle of paleological events$fCalvin J. Heusser 210 $aAmsterdam$cElsevier$dc2003 215 $aXVI, 240 p.$d30 cm 225 1 $aDevelopments in quaternary science$v3 610 0 $aPaleoecologia botanica 676 $a561.1$v20$zita 700 1$aHeusser,$bCalvin J.$0288378 801 0$aIT$bUNINA$gRICA$2UNIMARC 901 $aBK 912 $a990008187850403321 952 $a60 561 HEUC 2003$b10097$fFAGBC 959 $aFAGBC 996 $aIce age southern Andes$9734918 997 $aUNINA